Movies Quiz

Random Movies or Director Quiz

David Cronenberg Movies Quiz Stats

 Plays Quiz Updated Mar 23, 2020

Support Sporcle.
Go Orange.
Score 0/21 Timer 06:00
0 Plays Today
Year Movie % Correct
1986The Fly
79.7%
2005A History of Violence
75.1%
1983Videodrome
68.6%
2007Eastern Promises
67.2%
1996Crash
63.7%
1981Scanners
62.5%
1999eXistenZ
55.4%
2012Cosmopolis
52.1%
1991Naked Lunch
51.6%
1988Dead Ringers
51.3%
2011A Dangerous Method
47.3%
Year Movie % Correct
2014Maps to the Stars
44%
1979The Brood
43%
2002Spider
42.4%
1983The Dead Zone
39.2%
1977Rabid
35.8%
1975Shivers
34.8%
1993M. Butterfly
31.1%
1969Stereo
18.2%
1979Fast Company
18.1%
1970Crimes of the Future
15.3%

From the Vault

MLB Teams in Spanish

by whssox

Let's play some béisbol.
Remove Ads.
Support Sporcle.
Get the best of Sporcle when you Go Orange. This ad-free experience offers more features, more stats, and more fun while also helping to support Sporcle. Thank you for becoming a member.

Show Comments

Extras

Top Quizzes Today


Score Distribution

Your Account Isn't Verified!

In order to create a playlist on Sporcle, you need to verify the email address you used during registration. Go to your Sporcle Settings to finish the process.

Report this User

Report this user for behavior that violates our Community Guidelines.

Details: